000 02541nam0a22003851 4500
001 v19\rc\1801466
005 20260405174640.0
035 _a(NLR Aleph) 005252056
090 _a5814073
_c5814073
100 _a20071130d19071907|||y0rusy50 ca
101 0 _arus
102 _aRU
105 _ay z |||||
200 1 _aСудьбы грузинской церкви
_e(По вопросу о груз. церк. автокефалии)
_f[Н.Н. Дурново]
210 _aМосква
_cРед. газ. "Рус. стяг"
_d1907
_gТип. "Рус. печ."
215 _a[2], IV, 176 с.
_d14
300 _aАвт. указан в предисл.
311 _aОтт. из газ. "Рус. стяг". 1907 г., 1909 г.
311 _a1-е добавление, 1907 (шифр: 38.37.7.37(2))
311 _a2-е добавление, 1907 (обл. 1908) (шифр: 38.37.7.37(3))
311 _a[3-е добавление].-М.:Русский стяг, 1909.-На тит. л.: Вып. 4 (шифр: 38.37.7.37(4))
421 0 _11010#$arus
_12001#$a1-е добавление
_1210##$d1907
_1215##$a47 с.
_1899##$aNLR$j38.37.7.37(2)
_t1-е добавление
421 0 _11010#$arus
_12001#$a2-е добавление
_1210##$d1907 (обл. 1908)
_1215##$a104 с.
_1899##$aNLR$j38.37.7.37(3)
_t2-е добавление
421 0 _11010#$arus
_12001#$a[3-е добавление]$h1$iПо поводу годовщины со дня убиения русского экзарха в Грузии в.-преосв. Никона$h2$iДокладная записка православных грузин о современном положении грузинской церкви
_1210##$aМосква$cРусский стяг$d1909
_1215##$a29 с.
_1300##$aНа тит. л.: Вып. 4
_1899##$aNLR$j38.37.7.37(4)
_t[3-е добавление]
488 0 _12001#$aРусский стяг$v1907, 1909
_tРусский стяг
700 1 _8rus
_7ca
_aДурново
_bН. Н.
_f1876-1937
_gНиколай Николаевич
_3RU\NLR\AUTH\7759838
_942769
702 0 _4570
_8rus
_7ca
_aНикон
_cСофийский, Николай Андреевич
_cархиепископ
_f1861-1908
_3RU\NLR\AUTH\7775854
_958782
790 1 _9z01702
_aСофийский
_bН.А.
_f1861-1908
_gНиколай Андреевич
801 0 _aRU
_bNLR
_c20071130
_gpsbo
801 0 _aRU
_bRuMoRGB
_c20071130
_2psbo
801 1 _aRU
_bProSoft-M
_c20071130
_2rusmarc
801 2 _aRU
_bNLR
_c20090410
_2rusmarc
852 _aNLR
_j38.37.7.37(1)
942 _cBOOK
980 _aNB